000 01346nam0a22002771 4500
001 rc\4551455
005 20260407150308.0
021 _aRU
_b61-69550
021 _aRU
_bРг 8922
035 _a(NLR Aleph) 008364682
090 _a9020262
_c9020262
100 _a20130416d1961 |||y0rusy50 ca
101 0 _arus
102 _aRU
105 _aa z |||||
200 1 _aСравнительные данные по технико-экономическим показателям работы районных электростанций БССР и РСФСР
_e(Обзор за 1960 г.)
_fИн-т науч.-техн. информации и пропаганды ГНТК Совета Министров БССР. Ин-т экономики Акад. наук БССР. Упр. энергетики СНХ БССР
210 _aМинск
_cБ. и.
_d1961
215 _a42 с., 2 л. табл.
_d20
300 _aВ конце кн. сост.: канд. экон. наук И.Б. Левин
700 1 _aЛевин
_bИ.Б.
_gИосиф Беньяминович
_4220
712 0 2 _aИнститут научно-технической информации и пропаганды
_cМинск
_3RU\NLR\AUTH\8810024785
_9547793
801 0 _aRU
_bNLR
_gpsbo
801 1 _aRU
_bELAR
_2rusmarc
852 _aNLR
_j61-4/14797
942 _cBOOK
980 _aNB